000 00548nam a2200169Ia 4500
003 GCL
008 140319s9999 xx 000 0 ara d
040 _aGCL /
_cGCL
082 0 4 _a547
_bم ت
100 1 _aمحمد شاكر سعيد
245 1 0 _aتطبيقات اطياف الرنين النووىالمغناطيسى فى الكمياء العضوية /
_cمحمد شاكر سعيد
260 _a[S.N] :
_bجامعة الموصل ،
_c1984
300 _a543 ص
490 _a
650 0 4 _aالكيمياء العضوية
942 _2ddc
_cBK
999 _c52683
_d52683